| 000 | 00801nam a2200205 i 4500 | ||
|---|---|---|---|
| 001 | 170762 | ||
| 003 | ES-MaACL | ||
| 005 | 20250808062741.0 | ||
| 008 | 090403s1952 sp |||| | spa d | ||
| 245 | 0 | 0 |
_aTextos eucarísticos primitivos _b: edición bilingüe de los contenidos en la Sagrada Escritura y los Santos Padres. _nI / _ccon introducciones y notas por Jesús Solano. |
| 260 |
_aMadrid : _b[La Editorial Católica], _c1952. |
||
| 300 |
_aXXI, 751 p. ; _c20 cm. |
||
| 490 | 1 |
_aBiblioteca de autores cristianos ; _v88 |
|
| 505 | 8 | _aContiene : I. Hasta fines del siglo IV | |
| 546 | _aTextos en latín, griego y español. | ||
| 700 | 0 |
_aSolano, Jesús. _9107079 |
|
| 830 | 0 | 0 |
_aBiblioteca de autores cristianos _v88 _9178679 |
| 852 |
_aES-MaACL _jJ-86 _9R.46092 |
||
| 999 |
_c170762 _d170762 |
||